000 00565nam a2200217Ia 4500
005 20250923150011.0
008 008 250917s9999 xx 000 0 eng d
037 _aTextual
040 _aDSWL
_beng
_cDSWL
041 _aeng
_2eng
084 _qDSWL
100 _aHurlock, E.B.
_9841159
245 0 _aDevelopment psychology
_c by E.B. Hurlock
250 _a5th Ed.
260 _aNew Delhi
_b Tata Mcgraw Hill Pub. Comp. Ltd.
_c1981
300 _axi,477 p.
365 _aINR
_b175.00
925 _g175.00
942 _cTEXL
999 _c1458353
_d1458353